Dějiny bankovnictví v českých zemích
Anglická resumé
Saved in:
| Main Author | |
|---|---|
| Format | Book |
| Language | Czech |
| Published |
Praha :
Bankovní institut,
1999
|
| Edition | Vyd. 1. |
| Subjects | |
| ISBN | 8072650300 |
| Physical Description | 594 s., [12] s. obr. příl. : il. (některé barev.), portréty ; 27 cm |
| LEADER | 00000cam a2200000 a 4500 | ||
|---|---|---|---|
| 001 | 36224 | ||
| 003 | CZ-ZlUTB | ||
| 005 | 20190826000710.0 | ||
| 007 | tu | ||
| 008 | 000114s1999 xr acf e 001 0 cze | ||
| 020 | |a 8072650300 |q (váz.) | ||
| 040 | |a ABA001 |b cze |d ZLD002 | ||
| 041 | 0 | |a cze |b eng | |
| 043 | |a e-xr--- | ||
| 045 | |a n0x9 | ||
| 072 | 7 | |a 336.7 |x Finance |2 Konspekt |9 4 | |
| 080 | |a 336.71 |2 MRF | ||
| 080 | |a (048.8) |2 MRF | ||
| 245 | 0 | 0 | |a Dějiny bankovnictví v českých zemích / |c František Vencovský ... [et al.] |
| 250 | |a Vyd. 1. | ||
| 260 | |a Praha : |b Bankovní institut, |c 1999 | ||
| 300 | |a 594 s., [12] s. obr. příl. : |b il. (některé barev.), portréty ; |c 27 cm | ||
| 500 | |a 1500 výt. | ||
| 520 | |a Anglická resumé | ||
| 500 | |a Obsahuje chronologický přehled a tabulky | ||
| 504 | |a Obsahuje bibliografické odkazy, bibliografie a rejstříky | ||
| 650 | 0 | 7 | |a bankovnictví |7 ph114120 |z Česko |x dějiny |2 czenas |
| 650 | 0 | 9 | |a Banks and banking |z Czechia |x History |2 eczenas |
| 655 | 7 | |a monografie |7 fd132842 |2 czenas | |
| 700 | 1 | |a Vencovský, František, |d 1923-2006 |7 jn19992010782 |4 aut | |
| 910 | |a ZLD002 | ||
| 952 | |0 0 |1 0 |4 0 |6 3367DĚJINY |7 0 |8 BOOK |9 81178 |a UTBZL |b UTBZL |c 030 |d 2008-03-18 |l 0 |o 336.7/DĚJINY |p 420010115068 |r 2019-08-26 00:00:00 |v 104.00 |w 2019-08-26 |x N:nákup | 20100831 |y 05 | ||
| 952 | |0 0 |1 0 |4 0 |6 3367DĚJINY |7 0 |8 BOOK |9 81179 |a UTBZL |b UTBZL |c 030 |d 2008-03-18 |l 18 |o 336.7/DĚJINY |p 420010115067 |r 2023-05-17 00:00:00 |s 2023-05-15 |v 104.00 |w 2019-08-26 |x N:nákup | 20100831 |y 05 | ||
| 992 | |a BK |b SK |d 17 | ||
| 999 | |c 36224 |d 36224 | ||